| 000 | 00564nam a22001817a 4500 | ||
|---|---|---|---|
| 999 |
_c192102 _d192102 |
||
| 005 | 20220912115703.0 | ||
| 010 | _aENG-135022 | ||
| 020 |
_a9789386809131 _c35.00 |
||
| 035 | _aEN-118554 | ||
| 037 | _bDBAD/PUB | ||
| 082 | _a616.8491 | ||
| 100 | _aChandrashekar, C.R. | ||
| 245 |
_aHeadaches: _bCauses and Remedies/ _cC.R. Chandrashekar |
||
| 260 |
_aBengaluru _bNavakarnataka Publications Private Limited _c2018 |
||
| 270 |
_aEmbassy Centre, Crescent Road _bBengaluru _e560001 |
||
| 300 |
_a36p. _c18cm(pbk) |
||
| 942 |
_2ddc _cEN _h616.8491 _mCHA |
||